000 00313nam a22001457a 4500
008 210308b ||||| |||| 00| 0 eng d
020 _a9780470891520
041 _aeng
080 _23th
_a004
082 _23th
_a004
100 _a35
101 _aSHKI
245 _aBesinning CSS
_cPouncey,I
942 _2udc
_cBK
999 _c56019
_d56019